| 000 | 00427 a2200133 4500 | ||
|---|---|---|---|
| 003 | Nust | ||
| 005 | 20170207154417.0 | ||
| 040 | _cNust | ||
| 082 | _a799 | ||
| 245 |
_aVisit Col Gen Safar Republic of Azerbaijan (Photo Album Vol No. 1, 2001) _cMCS |
||
| 260 |
_aRawalpindi _bMCS _c24-05-2001 |
||
| 650 | _aPictures of Visit Col Gen Safar Republic of Azerbaijan in MCS ,(Photo Album Vol No. 1, 2001,CD-NO-6) | ||
| 651 | _a Sweet Memories-MCS | ||
| 942 | _cBK | ||
| 999 |
_c197418 _d197418 |
||